00496nam a2200193Ia 4500003000400000005001700004008004100021020002600062040001700088082002100105100001600126245005000142250001100192260003100203300001700234440001000251650001500261650002600276IIN20240201155156.0231217s9999 xx 000 0 und d cRs.530.00a8185605076 aIINbEnglish a610.730693 bNAN1 aNancy, S.R.1 aPrinciples and Practice of NursingcS.R.Nancy a5th ed bN.R.BrothersaIndorec2018 a[7], 1-410p. vVol.21 aFoundation1 aNursing, Practice of